trophées Eden Hazard - Statistiques

Statistiques générales
  • Ce quiz a été pris 18 fois
  • Le résultat moyen est 6 sur 17
Statistiques - réponses
Hint Extra Hint Réponse % Correct
LOSC 2010-2011 ligue 1
64%
REAL MADRID 2021-2022 Ligue des champions
50%
INDIVIDUEL (LOSC) 2010-2011/2011-2012 Meilleur joueur Ligue 1
50%
INDIVIDUEL (CHELSEA) 2018-12019 Meilleur passeur premier league
50%
CHELSEA 2015-2016/2016-2017 Premier league
50%
CHELSEA 2012-2013/2018-2019 Europa league
43%
INDIVIDUEL (LOSC) 2008-2009/2009-2010 Meilleur espoir Ligue 1
43%
INDIVIDUEL (CHELSEA) 2014-2015 Player of the year
43%
INDIVIDUEL (CHELSEA) 2014-2015 Footballer of the year
36%
REAL MADRID 2019-2020/2021-2022 Liga
36%
REAL MADRID 2022-2023 Copa del rey
29%
REAL MADRID 2022 Supercoupe d'Espagne
29%
LOSC 2010-2011 Coupe de france
21%
CHELSEA 2014-2015 EFL Cup
21%
REAL MADRID 2022 Coup du monde des clubs
14%
CHELSEA 2017-2018 FA Cup
14%
REAL MADRID 2022 Super coupe
14%
Aucun quiz correspondant
Distribution des résultats
% des personnes avec chaque résultat
Percentile par nombre de réponses
Votre historique - résultats
Vous n’avez pas pris ce quiz